000 00819nam a22002297a 4500
001 5014
003 FISKH
005 20241031152600.0
008 241031b cb ||||| |||| 00| 0 eng d
020 _a9781401340827
040 _aFISKH
_beng
_cFISKH
_dFISKH
050 _aPS3611.O3654
082 _a813.6
100 _aKogan, Deborah Copaken
245 _aThe Red Book /
_cby Deborah Copaken Kogan
260 _aNew York :
_bVoice ;
_c2012 .
300 _a344 pages :
_billustrations ;
_c25 cm .
520 _aCentering around Harvard's Red Book, a collection of personal triumphs and failures from graduates, this tongue-in-cheek novel follows a group of roommates from the class of 1989 as they prepare for their twentieth reunion weekend.
650 _areunion
_vfiction
942 _2ddc
_cBK
_n0
999 _c5014
_d5014